MDQL
is popping MORE tags! Check the
thread
!
Quizzes
Events
Quiz Creation
Community
Videos
Private Events
Remove Ads
Sign In
Join for FREE
Feedback
Dark Mode
Quiz Categories
Sports
Geography
Music
Movies
Television
Just For Fun
Miscellaneous
History
Literature
Language
Science
Gaming
Entertainment
Religion
Holiday
For Kids
Quiz Lab
Recent
Popular Today
Quiz Kudos Today
Editor Picks
Curator Picks
Quizzes by...
Day
Popularity
Type
Ratings
Length
Year
Community
Subscriptions
Recent Discussions
Orange Saloon
Badges
Playlists
Quests
Create
Leaderboards
Showdown
Live 5
Trivia Bingo
Activity
Puzzle Library
Sporcle Events
Private Events
Virtual Trivia
Globe League
Become a Host
Pub Owners
SporcleCon
Opinionation
Our Games
Videos
Blog
Mobile Apps
Partnerships
Remove Ads and Go Orange
Feedback
Sports
Athletes
MLB
NBA
NHL
NFL
Soccer
Sports Teams
WWE
NCAA
Football
Premier League
Basketball
Baseball
Hockey
Golf
Tennis
Cricket
Rugby
Auto Racing
Olympics
World Cup
Sports
Athletes
MLB
NBA
NHL
NFL
Soccer
Sports Teams
WWE
NCAA
Football
Premier League
Basketball
Baseball
Hockey
Golf
Tennis
Cricket
Rugby
Auto Racing
Olympics
World Cup
Random Quiz
Search Sporcle
×
Quiz Lab
Quiz Lab
Sports
Football
Type in answers that appear in a list
Type in answers that appear in a list
Classic
Best Score? Go Orange.
Premier League Scorers 2017-2018 Stats
Can you name all of the Premier League Scorers in the 2017-2018 season?
By
Aguero16
20m
249 Questions
1,497 Plays
1,497 Plays
1,497 Plays
Comments
Comments
Give Quiz Kudos
Give Quiz Kudos
-
- Ratings
hide this ad
Replay
Link that replays current quiz
Next Quiz
Link to next quiz in quiz playlist
You Got
0%
They Got
Avg Score
34%
Avg Friend Score
Upgrade to see
Score Distribution
Jump to the score distribution portion of the page
Score
0/249
Timer
20:00
0
Plays Today
Team
Player
% Correct
Tottenham Hotspur
Harry Kane
98%
Liverpool
Mohamed Salah
96.3%
Manchester City
Sergio Aguero
95.8%
Leicester City
Jamie Vardy
95.1%
Liverpool
Roberto Firmino
91%
Manchester City
Raheem Sterling
90.4%
Liverpool
Sadio Mane
89.8%
Manchester United
Romelu Lukaku
89.8%
Chelsea
Eden Hazard
84.9%
Arsenal
Alexandre Lacazette
84%
Tottenham Hotspur
Son Heung-min
83.7%
Manchester City
Gabriel Jesus
83.3%
Arsenal/
Manchester United
Alexis Sanchez
83%
Leicester City
Riyad Mahrez
82.4%
Manchester City
Leroy Sane
81.4%
Chelsea
Alvaro Morata
80.9%
Tottenham Hotspur
Dele Alli
79.6%
Manchester United
Marcus Rashford
79.6%
Manchester City
David Silva
79.1%
Manchester City
Bernardo Silva
79%
Manchester City
Kevin De Bruyne
78.2%
Everton
Wayne Rooney
78.1%
Crystal Palace
Wilfried Zaha
76.2%
Manchester United
Anthony Martial
76.1%
Tottenham Hotspur
Christian Eriksen
75.8%
Arsenal/
Chelsea
Olivier Giroud
74%
Manchester United
Paul Pogba
72.6%
Arsenal
Pierre-Emerick Aubameyang
70.9%
Brighton and Hove Albion
Glenn Murray
70%
Arsenal
Mesut Ozil
68.1%
Arsenal
Aaron Ramsey
67.8%
Chelsea
Pedro
67.6%
Chelsea
Willian
67.3%
AFC Bournemouth
Joshua King
67.3%
AFC Bournemouth
Callum Wilson
67.1%
Crystal Palace
Christian Benteke
65.1%
Watford
Troy Deeney
64.9%
Leicester City/
Swansea City
Andy King
64.8%
Liverpool
Jordan Henderson
63.9%
Manchester United
Jesse Lingard
63%
Swansea City
Ki Sung-yueng
62.6%
Chelsea
Marcos Alonso
62.6%
Burnley
Chris Wood
61.8%
Manchester United
Juan Mata
61.6%
West Ham United
Marko Arnautovic
60.9%
Chelsea
N'Golo Kante
60.2%
Swansea City
Leroy Fer
58.9%
West Ham United
Javier Hernandez
58.8%
Arsenal
Danny Welbeck
58.2%
Burnley
Ashley Barnes
56.9%
Burnley
Sam Vokes
56.9%
Liverpool
Philippe Coutinho
56.6%
Stoke City
Peter Crouch
56.5%
Leicester City
Shinji Okazaki
56.3%
Manchester City
Nicolas Otamendi
55.8%
Stoke City
Xherdan Shaqiri
55.3%
Manchester City
Fernandinho
55%
West Bromwich Albion
Salomon Rondon
54.9%
Manchester United
Antonio Valencia
54.6%
Huddersfield Town
Aaron Mooy
54.5%
Manchester United
Chris Smalling
54.3%
Chelsea
Cesc Fabregas
54.1%
Southampton
Charlie Austin
53.9%
Tottenham Hotspur
Ben Davies
53.8%
Watford
Andre Gray
53.4%
Everton
Theo Walcott
53.1%
Swansea City
Jordan Ayew
52.7%
Leicester City
Demarai Gray
52.4%
West Ham United
Andre Ayew
52.2%
Everton
Gylfi Sigurdsson
52.1%
Chelsea
David Luiz
52.1%
Watford
Richarlison
52%
Manchester United/
Arsenal
Henrikh Mkhitaryan
51.3%
Newcastle United
Ayoze Perez
51.1%
Stoke City
Jese
50.9%
Arsenal
Nacho Monreal
50.3%
Liverpool
Alex Oxlade-Chamberlain
50.2%
AFC Bournemouth
Jermain Defoe
49.9%
Manchester United
Ashley Young
49.7%
Liverpool
Dejan Lovren
49.6%
Huddersfield Town
Steve Mounie
49.6%
Brighton and Hove Albion
Pascal Gross
48.3%
Liverpool
Trent Alexander-Arnold
47.9%
Team
Player
% Correct
Burnley
Stephen Ward
47.8%
Liverpool
Daniel Sturridge
47.7%
Manchester United
Marouane Fellaini
47.7%
Arsenal
Shkodran Mustafi
47.2%
Liverpool
Georginio Wijnaldum
47%
Liverpool
Andrew Robertson
46.4%
West Bromwich Albion
Jay Rodriguez
46.2%
West Ham United
Andy Carroll
46%
West Ham United
Mark Noble
45.8%
Liverpool
Joel Matip
45.8%
Manchester City
Vincent Kompany
45.6%
Manchester United
Nemanja Matic
45.4%
Everton
Dominic Calvert-Lewin
45.3%
Arsenal
Alex Iwobi
45.3%
Chelsea
Cesar Azpilicueta
45.3%
Arsenal
Granit Xhaka
45.2%
West Ham United
Michail Antonio
44.9%
Southampton
Shane Long
44.7%
Manchester City
Ilkay Gundogan
44.5%
Watford
Abdoulaye Doucoure
43.9%
Crystal Palace
Luka Milivojevic
43.9%
Crystal Palace
Andros Townsend
43.9%
Leicester City
Harry Maguire
43.5%
Arsenal
Hector Bellerin
43.4%
Everton
Leighton Baines
42.8%
Newcastle United
Dwight Gayle
42.7%
Liverpool
Emre Can
42.3%
Leicester City
Marc Albrighton
42.2%
Manchester United
Eric Bailly
42.1%
Everton
Oumar Niasse
42%
Everton
Tom Davies
41.9%
Swansea City
Tammy Abraham
41.6%
Southampton
Dusan Tadic
41.4%
AFC Bournemouth
Steve Cook
41.3%
AFC Bournemouth
Charlie Daniels
40.7%
Southampton
Manolo Gabbiadini
40.5%
Arsenal
Jack Wilshere
40.4%
Burnley
Kevin Long
39.9%
AFC Bournemouth
Ryan Fraser
39.6%
West Ham United
Manuel Lanzini
39.6%
Liverpool
Danny Ings
39.3%
Stoke City
Mame Biram Diouf
38.8%
Manchester City
Fabian Delph
38.4%
Newcastle United
Joselu
38.1%
West Bromwich Albion
Jonny Evans
37.8%
Chelsea
Antonio Rudiger
37.7%
Chelsea
Danny Drinkwater
37.5%
Arsenal
Laurent Koscielny
37.3%
Everton
Cenk Tosun
37.2%
Newcastle United
Jamaal Lascelles
37.1%
Tottenham Hotspur
Fernando Llorente
37.1%
Southampton
Steven Davis
36.7%
West Ham United
Diafra Sakho
36.4%
AFC Bournemouth
Adam Smith
36.2%
Arsenal
Sead Kolasinac
36.1%
Huddersfield Town
Laurent Depoitre
36%
Chelsea
Victor Moses
36%
Newcastle United
Jonjo Shelvey
36%
Tottenham Hotspur
Moussa Sissoko
35.4%
Chelsea
Michy Batshuayi
35.1%
Chelsea
Tiemoue Bakayoko
34.6%
Crystal Palace
Mamadou Sakho
34.2%
AFC Bournemouth
Junior Stanislas
34%
Swansea City
Wilfried Bony
34%
Newcastle United
Aleksandar Mitrovic
33.9%
Everton
Ashley Williams
33.7%
Stoke City
Eric Maxim Choupo-Moting
33.2%
Watford
Etienne Capoue
33.2%
Stoke City
Ryan Shawcross
32.3%
Tottenham Hotspur
Erik Lamela
32.2%
Southampton
Maya Yoshida
32.1%
Tottenham Hotspur
Victor Wanyama
32%
Southampton
James Ward-Prowse
31.6%
AFC Bournemouth
Nathan Ake
31.5%
Brighton and Hove Albion
Lewis Dunk
31.5%
Stoke City
Joe Allen
31.2%
Arsenal
Per Mertesacker
30.7%
Manchester City
Danilo
30.3%
AFC Bournemouth
Harry Arter
30.1%
Brighton and Hove Albion
Anthony Knockaert
30%
West Bromwich Albion
Ahmed Hegazy
29.9%
Newcastle United
Christian Atsu
29.9%
Burnley
Jeff Hendrick
29.9%
Team
Player
% Correct
West Ham United
Cheikhou Kouyate
29.7%
Crystal Palace
Scott Dann
29.7%
Watford
Roberto Pereyra
29.7%
Stoke City
Darren Fletcher
29.6%
Tottenham Hotspur
Serge Aurier
29.5%
AFC Bournemouth
Andrew Surman
29.4%
Watford
Stefano Okaka
29.2%
West Bromwich Albion
Matt Phillips
28.9%
Newcastle United
Matt Ritchie
28.8%
Crystal Palace
Ruben Loftus-Cheek
28.6%
Watford
Tom Cleverley
28.5%
West Ham United
Pedro Obiang
28.2%
Watford
Daryl Janmaat
28.2%
Brighton and Hove Albion
Jose Izquierdo
28.2%
West Ham United
Angelo Ogbonna
28%
Burnley
Jack Cork
28%
Watford
Will Hughes
27.8%
Newcastle United
Ciaran Clark
27.6%
West Bromwich Albion
Gareth Barry
27.6%
Crystal Palace
James McArthur
27.5%
Swansea City
Alfie Mawson
27.3%
Everton
Idrissa Gueye
27.2%
Stoke City
Kurt Zouma
27%
AFC Bournemouth
Jordon Ibe
26.6%
West Bromwich Albion
James Morrison
26.5%
Leicester City
Kelechi Iheanacho
26.3%
Watford
Miguel Britos
26%
Crystal Palace
James Tomkins
26%
Southampton
Nathan Redmond
25.9%
Brighton and Hove Albion
Tomer Hemed
25.5%
Brighton and Hove Albion
Solly March
25.1%
Southampton
Sofiane Boufal
25.1%
Southampton
Oriol Romeu
25%
Burnley
Scott Arfield
24.6%
Burnley
Steven Defour
24.5%
Liverpool
Dominic Solanke
24.3%
Liverpool
Ragnar Klavan
24.2%
Burnley
Robbie Brady
24.2%
West Bromwich Albion
Nacer Chadli
24.1%
Chelsea
Davide Zappacosta
24%
West Bromwich Albion
Craig Dawson
24%
Leicester City
Islam Slimani
23.6%
West Bromwich Albion
Hal Robson-Kanu
23.6%
Newcastle United
Isaac Hayden
22.7%
Huddersfield Town
Rajiv van La Parra
22.3%
Crystal Palace
Bakary Sako
22%
Huddersfield Town
Tom Ince
21.9%
Burnley
Johann Berg Gudmundsson
21.4%
Swansea City
Sam Clucas
21.4%
AFC Bournemouth
Dan Gosling
21.3%
Leicester City
Vicente Iborra
21.1%
Crystal Palace
Patrick van Aanholt
21%
West Ham United
James Collins
20.9%
Watford
Gerard Deulofeu
20.4%
Watford
Christian Kabasele
19.8%
Newcastle United
Mikel Merino
19.7%
Southampton
Jack Stephens
19.7%
Newcastle United
Mohamed Diame
19.6%
West Ham United
Aaron Cresswell
18.8%
Swansea City
Federico Fernandez
17.7%
Everton
Yannick Bolasie
17.7%
Huddersfield Town
Elias Kachunga
16.7%
Brighton and Hove Albion
Leonardo Ulloa
15.7%
Southampton
Mario Lemina
14.7%
West Bromwich Albion
James McClean
14.6%
Newcastle United
Kenedy
14%
Newcastle United
Jacob Murphy
13.9%
West Bromwich Albion
Sam Field
13.6%
Watford
Andre Carrillo
13.5%
Swansea City
Luciano Narsingh
13.4%
Stoke City
Ramadan Sobhi
12.9%
West Bromwich Albion
Jake Livermore
11.9%
Brighton and Hove Albion
Jurgen Locadia
11.8%
AFC Bournemouth
Lys Mousset
10.8%
Watford
Molla Wague
10.4%
Newcastle United
Henri Saivet
10.4%
Huddersfield Town
Alex Pritchard
10%
Huddersfield Town
Joe Lolley
9.3%
Watford
Kiko Femenia
8.5%
Southampton
Jan Bednarek
8.3%
West Ham United
Joao Mario
8%
Swansea City
Mike van der Hoorn
7.3%
Stoke City
Badou Ndiaye
5.6%
Quiz Playlist
Details
Report
Send in Message
Add To Playlist
Classic:
Type in answers that appear in a list
Quiz Source
Last Updated: May 16, 2018
Quiz Scoreboard
CHALLENGE
Sign Up to Join the Scoreboard
Show All
Scores
Hide
Comments
May contain spoilers
Recently Published
Find the 'City' Movie
by crazypaving
Movies
60s
5x2 Blitz: Bands
by SL_Kpop136
Music
30s
Colored Red Africa Blitz
by spor1
Geography
30s
More to Explore
Quiz From the Vault
Featured Blog Post
14 Easter Pick-up Lines to Find Eggs With
hide this ad
You Might Also Like...
Tags
Football Quiz
Premier League Quiz
Soccer Quiz
Goal Scorers
Scorer
Today's Top Quizzes in Sports
Browse Sports
hide this ad
Today's Top Quizzes in Football
Browse Football
Top Contributed Quizzes in Sports
1
Les entraîneurs de l'OM et du PSG au 21e siècle
2
Les meilleurs buteurs des matchs entre le PSG et l’OM
3
Les joueurs passés par le PSG et l'OM
4
Players with Multiple 50 Home Run Seasons
5
2022 World Cup Stars
6
Criteria MLB: Left Handed Sluggers
7
NBA Logic Puzzle 2.0
8
MLB Players with Two .350 Batting Average Seasons
9
Top 10 NHL Goal Scorers of All Time
10
Les joueurs passés par le LOSC et le RC Lens
Explore More
Trending Topics
Harry Potter
Crossword
NBA
Disney
Anime
Marvel
Kpop
Song
Pokémon
Soccer
NFL
Puzzle
The Office
WWE
Country
hide this ad
More By:
Aguero16
Quiz
Plays
Rating
Category
Featured
Created
PFA Team of the Year 2016-17 Minefield
13,462
4.00
Sports
Apr 20, 2017
PFA Team of the Year 2017-18 Minefield
12,600
4.50
Sports
Apr 18, 2018
Premier League Scorers 2016-2017
1,807
5.00
Sports
Sep 18, 2016
Premier League Scorers 2017-2018
1,497
5.00
Sports
Aug 11, 2017
Premier League Summer Transfers 2016-2017
977
3.86
Sports
Aug 4, 2016
Go to Creator's Profile
Score Distribution
Quiz Creator Spotlight
Aguero16
Follow
Send a Message
Quizzes Created
-
Created Quiz Play Count
-
More By This Creator
Popular Quizzes Today
1
Colored Red Africa Blitz
2
Find the 'City' Movie
3
Find the US States - No Outlines Minefield
4
5x2 Blitz: Bands
5
The Countries of the World
6
Find the US States
7
Find the Countries of Europe - No Outlines Minefield
8
US States
More Sports Quizzes
Ligue 1 - Les champions du monde depuis 1986
Quiz Lab
Trending Quizzes
Colored Red Europe Blitz I
Colored Red Africa Blitz II
Colored Red Europe Blitz II
Colored Red Europe Blitz III
Colored Red Africa Blitz III
Recently Updated
How Do You Spell That?
pecheneg
Godzilla Movies
pecheneg
Grab Bag: 4-10 Letters
pecheneg
2024 March Madness Bracket
pecheneg
Famous TV Couples
Peacemaker
Champions League XIs: Real Madrid
pecheneg
Largest US Cities 1790-2010
pecheneg
Rides in Walt Disney World
pecheneg
Most Oscar Losses (Acting)
pecheneg
Beyoncé Albums
pecheneg
Trending Topics
Disney
Anime
Crossword
Kpop
Marvel
Harry Potter
NBA
The Office
Song
Soccer
WWE
Puzzle
Pokémon
Country
NFL
Your Account Isn't Verified!
In order to create a playlist on Sporcle, you need to verify the email address you used during registration. Go to your
Sporcle Settings
to finish the process.
Report this User
Report this user for behavior that violates our
Community Guidelines
.
Details:
Send Report
Go to the Sporcle.com Mobile Site →
Comments